DIAGNOSING ORGANIZATIONS METHODS, MODELS AND PROCESSES (Record no. 4469)
[ view plain ]
| 000 -LEADER | |
|---|---|
| fixed length control field | 00375nam a22001457a 4500 |
| 008 - FIXED-LENGTH DATA ELEMENTS--GENERAL INFORMATION | |
| fixed length control field | 250903b |||||||| |||| 00| 0 eng d |
| 020 ## - INTERNATIONAL STANDARD BOOK NUMBER | |
| ISBN | 0803956444 |
| 100 ## - MAIN ENTRY--AUTHOR | |
| Author | HARRISON MICHAEL I. |
| 245 ## - TITLE STATEMENT | |
| Title | DIAGNOSING ORGANIZATIONS METHODS, MODELS AND PROCESSES |
| 250 ## - EDITION STATEMENT | |
| Edition statement | 2nd |
| 260 ## - PUBLICATION, DISTRIBUTION, ETC. (IMPRINT) | |
| Place of publication | USA |
| Name of publisher | SAGE PUBLICATION |
| Date of publication | 1994 |
| 300 ## - COLLATION | |
| Pagination | 179p. |
| 942 ## - ADDED ENTRY ELEMENTS (KOHA) | |
| Item type | Books |
| 050 ## - LIBRARY OF CONGRESS CALL NUMBER | |
| Classification number | HD 58.7 |
| Item number | .H37 |
| Source of classification or shelving scheme | Not for loan | Permanent location | Current location | Date acquired | Accession No. | Full call number | Barcode. | Koha item type |
|---|---|---|---|---|---|---|---|---|
| Library of Congress Classification | Samuel Ogbemudia Main Library, University of Abuja | Samuel Ogbemudia Main Library, University of Abuja | 09/03/2025 | 2006/28985 | HD 58.7.H37 | 2025-3252 | Books |